[Event "Chigorin Memorial"]
[Site "St Petersburg"]
[Date "2016.10.21"]
[Round "7.170"]
[White "Serov, Aleksandr"]
[Black "Golikov, Sergei"]
[Result "1/2-1/2"]
[WhiteElo "1505"]
[BlackElo "1789"]
[PlyCount "107"]
[EventDate "2016.10.15"]
[EventType "swiss"]
[EventRounds "9"]
[EventCountry "RUS"]

1. d4 Nf6 2. c4 g6 3. Nc3 Bg7 4. e4 d6 5. f3 Nbd7 6. Be3 e5 7. d5 a6 8. Qd2 Qe7
9. Bd3 Nc5 10. Bc2 b6 11. Nge2 Bd7 12. b4 Nb7 13. Ba4 O-O 14. Bxd7 Qxd7 15. g4
b5 16. cxb5 a5 17. Rb1 axb4 18. Rxb4 Ra3 19. h4 Rfa8 20. h5 Nc5 21. hxg6 fxg6
22. Rc4 Nb7 23. Nc1 Rf8 24. Nb3 Na5 25. Nxa5 Rxa5 26. b6 cxb6 27. Bxb6 Ra6 28.
Rc7 Qe8 29. Be3 Qd8 30. Rxg7+ Kxg7 31. Bh6+ Kg8 32. Bxf8 Qxf8 33. Qh2 Ra3 34.
Qb2 Ra8 35. g5 Nh5 36. O-O Qf4 37. Ne2 Qxg5+ 38. Kf2 Rf8 39. Ke1 Nf4 40. Nxf4
Qxf4 41. Ke2 h5 42. Qb6 Rc8 43. Kd3 Ra8 44. Qxd6 Rxa2 45. Qxg6+ Kf8 46. Qf5+
Qxf5 47. exf5 Ra4 48. Ke3 Ke7 49. f4 Kf6 50. fxe5+ Kxe5 51. f6 Ra3+ 52. Kd2 Ra8
53. f7 Rf8 54. Rh1 1/2-1/2

[Event "Chigorin Memorial"]
[Site "St Petersburg"]
[Date "2016.10.21"]
[Round "7.172"]
[White "Astakhov, Dmitrii"]
[Black "Fridman, Grigory"]
[Result "1/2-1/2"]
[WhiteElo "1456"]
[BlackElo "1840"]
[PlyCount "48"]
[EventDate "2016.10.15"]
[EventType "swiss"]
[EventRounds "9"]
[EventCountry "RUS"]

1. d4 Nf6 2. c4 c5 3. dxc5 e6 4. Nc3 Bxc5 5. Nf3 d5 6. cxd5 exd5 7. e3 Nc6 8.
Be2 O-O 9. O-O Bf5 10. a3 a5 11. Qb3 Qb6 12. Qxb6 Bxb6 13. Na4 Ba7 14. b3 d4
15. exd4 Nxd4 16. Nxd4 Bxd4 17. Bb2 Bxb2 18. Nxb2 Rfe8 19. Bd3 Bxd3 20. Nxd3
Red8 21. Rad1 Re8 22. Ra1 Red8 23. Rad1 Re8 24. Ra1 Red8 1/2-1/2

[Event "Chigorin Memorial"]
[Site "St Petersburg"]
[Date "2016.10.21"]
[Round "7.173"]
[White "Maltsevskaya, Anna"]
[Black "Atovmian, Artem"]
[Result "0-1"]
[WhiteElo "1243"]
[BlackElo "1823"]
[PlyCount "70"]
[EventDate "2016.10.15"]
[EventType "swiss"]
[EventRounds "9"]
[EventCountry "RUS"]

1. e4 c6 2. d4 d5 3. e5 Bf5 4. Nc3 e6 5. Nf3 Nd7 6. Bf4 Ne7 7. Bd3 Bxd3 8. Qxd3
a6 9. a4 c5 10. b3 Nc6 11. Na2 cxd4 12. O-O Bc5 13. c3 dxc3 14. Nxc3 h6 15.
Rfe1 O-O 16. h3 Qb6 17. Qc2 Rac8 18. Re2 Nd4 19. Nxd4 Bxd4 20. Bd2 Bxc3 21. Re3
Bxa1 22. Qb1 Bxe5 23. Qe1 Qd4 24. Rf3 Qa1 25. Re3 Qxe1+ 26. Rxe1 Bc3 27. Bxc3
Rxc3 28. Rb1 Rfc8 29. Kh2 Rc1 30. Rb2 R8c2 31. Rxc2 Rxc2 32. f3 Rb2 33. Kg3
Rxb3 34. Kg4 Rb4+ 35. Kg3 Rxa4 0-1

[Event "Chigorin Memorial"]
[Site "St Petersburg"]
[Date "2016.10.21"]
[Round "7.174"]
[White "Kuznetsov, Mikhail"]
[Black "Petrov, Maksim"]
[Result "0-1"]
[WhiteElo "1801"]
[BlackElo "1367"]
[PlyCount "44"]
[EventDate "2016.10.15"]
[EventType "swiss"]
[EventRounds "9"]
[EventCountry "RUS"]

1. d4 d5 2. c4 dxc4 3. Nf3 Nf6 4. e3 e6 5. Bxc4 a6 6. Nc3 c5 7. a4 Nc6 8. O-O
cxd4 9. exd4 Nb4 10. Bg5 Be7 11. Qb3 Nc6 12. Rfd1 Na5 13. Qa2 Nxc4 14. Qxc4 O-O
15. Rac1 Qb6 16. Qe2 Re8 17. Ne5 Nd5 18. Qh5 g6 19. Bh6 gxh5 20. Rd3 Bh4 21.
Rh3 Qxd4 22. Nf3 Bxf2+ 0-1

[Event "Chigorin Memorial"]
[Site "St Petersburg"]
[Date "2016.10.21"]
[Round "7.175"]
[White "Seregina, Maria"]
[Black "Riakhovskii, Mark"]
[Result "1/2-1/2"]
[WhiteElo "1797"]
[BlackElo "1370"]
[PlyCount "44"]
[EventDate "2016.10.15"]
[EventType "swiss"]
[EventRounds "9"]
[EventCountry "RUS"]

1. d4 d5 2. c4 e6 3. Nc3 Nf6 4. cxd5 Nxd5 5. e4 Nxc3 6. bxc3 Be7 7. Nf3 O-O 8.
Bd3 b6 9. O-O Bb7 10. e5 Nd7 11. Re1 c5 12. Bd2 Rc8 13. h3 Nb8 14. Be3 Nc6 15.
a3 cxd4 16. cxd4 Qd5 17. Qe2 Rfd8 18. Bc4 Qd7 19. Bb5 Qd5 20. Bc4 Qd7 21. Bb5
Qd5 22. Qc4 Qd7 1/2-1/2

[Event "Chigorin Memorial"]
[Site "St Petersburg"]
[Date "2016.10.21"]
[Round "7.176"]
[White "Kudin, Alexander"]
[Black "Valov, Vasilii"]
[Result "0-1"]
[WhiteElo "1313"]
[BlackElo "1779"]
[PlyCount "94"]
[EventDate "2016.10.15"]
[EventType "swiss"]
[EventRounds "9"]
[EventCountry "RUS"]

1. e4 e6 2. d4 d5 3. Nd2 Nf6 4. e5 Nfd7 5. Bd3 c5 6. c3 Nc6 7. Ne2 f6 8. exf6
Qxf6 9. Nf3 Bd6 10. O-O O-O 11. Qc2 g6 12. Bh6 Rf7 13. b3 cxd4 14. Nexd4 e5 15.
Nxc6 bxc6 16. Bg5 Qe6 17. Be3 e4 18. Ng5 Qe5 19. g3 exd3 20. Nxf7 dxc2 21. Nxe5
Bxe5 22. Rac1 Ba6 23. c4 dxc4 24. f4 cxb3 25. axb3 Bxf1 26. Kxf1 Bf6 27. Rxc2
c5 28. Rd2 Re8 29. Kf2 Re7 30. Rd5 Kf7 31. g4 Rxe3 32. Rxd7+ Re7 33. Rd3 Bd4+
34. Kf3 a5 35. h4 Re1 36. g5 Ke6 37. Kg4 Rg1+ 38. Kf3 Kf5 39. Rd2 Rb1 40. Rd3
Rf1+ 41. Kg2 Rxf4 42. Rh3 Kg4 43. Rg3+ Kxh4 44. Rh3+ Kxg5 45. Rxh7 Bc3 46. Rc7
Bb4 47. Rd7 Rd4 0-1

[Event "Chigorin Memorial"]
[Site "St Petersburg"]
[Date "2016.10.21"]
[Round "7.178"]
[White "Kirianova, Evgeniia"]
[Black "Babotin, Ivan"]
[Result "1/2-1/2"]
[WhiteElo "1219"]
[BlackElo "1465"]
[PlyCount "77"]
[EventDate "2016.10.15"]
[EventType "swiss"]
[EventRounds "9"]
[EventCountry "RUS"]

1. c4 e5 2. Nc3 Nf6 3. g3 d5 4. cxd5 Nxd5 5. Bg2 Nxc3 6. bxc3 Nc6 7. e3 Bd6 8.
Ne2 O-O 9. h3 Bf5 10. O-O Bd3 11. Re1 Na5 12. f4 e4 13. Nd4 Qd7 14. Qh5 Nc4 15.
Kh2 g6 16. Qh6 Rfe8 17. f5 Bf8 18. Qg5 c5 19. fxg6 hxg6 20. Ne2 Re5 21. Qg4
Qxg4 22. hxg4 Bh6 23. Nf4 Bxf4 24. gxf4 Rd5 25. a4 Kg7 26. Ba3 Rh8+ 27. Kg3 Rc8
28. Bc1 Rd6 29. Rh1 Rb6 30. Rh2 Rb3 31. g5 Rh8 32. Rxh8 Kxh8 33. Bh3 a5 34. Bd7
Kg7 35. Bb5 Nd6 36. Bxd3 exd3 37. Kf3 c4 38. Ba3 Nc8 39. Ke4 1/2-1/2

[Event "Chigorin Memorial"]
[Site "St Petersburg"]
[Date "2016.10.21"]
[Round "7.179"]
[White "Moshkov, Vyacheslav"]
[Black "Lantseva, Aleksandra"]
[Result "1-0"]
[WhiteElo "1826"]
[BlackElo "1359"]
[PlyCount "59"]
[EventDate "2016.10.15"]
[EventType "swiss"]
[EventRounds "9"]
[EventCountry "RUS"]

1. e4 c5 2. Nf3 d6 3. d4 cxd4 4. Nxd4 Nf6 5. Nc3 a6 6. Be3 b5 7. Qf3 Bb7 8.
O-O-O b4 9. Nd5 Nxd5 10. exd5 e6 11. Bc4 Qc7 12. Bb3 e5 13. Rhe1 Be7 14. Ba4+
Nd7 15. Nc6 Bf6 16. Nxb4 O-O 17. Nc6 Nb6 18. Bb3 Rac8 19. Na5 Bxd5 20. Rxd5
Nxd5 21. Qxd5 e4 22. Nc4 h6 23. Qxe4 a5 24. Bb6 Qc6 25. Qxc6 Rxc6 26. Bxa5 Ra8
27. Bb4 d5 28. Ne5 Bxe5 29. Rxe5 d4 30. Bd5 1-0

[Event "Chigorin Memorial"]
[Site "St Petersburg"]
[Date "2016.10.21"]
[Round "7.180"]
[White "Bulsoev, Alexander"]
[Black "Timofeev, Vsevolod"]
[Result "1-0"]
[WhiteElo "1462"]
[BlackElo "1301"]
[PlyCount "135"]
[EventDate "2016.10.15"]
[EventType "swiss"]
[EventRounds "9"]
[EventCountry "RUS"]

1. Nf3 d5 2. c4 c6 3. d4 e6 4. Nc3 Nf6 5. Bf4 Bd6 6. Bxd6 Qxd6 7. e3 Nbd7 8.
Bd3 dxc4 9. Bxc4 b5 10. Bd3 e5 11. Qc2 O-O 12. Rd1 Qe7 13. O-O b4 14. dxe5 Nxe5
15. Nxe5 Qxe5 16. Ne4 Bb7 17. Nd6 Qe7 18. Nxb7 Qxb7 19. Rc1 Rac8 20. Qe2 Qb6
21. Rc4 Rfd8 22. Rfc1 c5 23. Qc2 Rd5 24. Be4 Nxe4 25. Qxe4 Rcd8 26. g3 f5 27.
Qc2 Qc6 28. Rxb4 Rd2 29. Qb3+ Kh8 30. Rf4 c4 31. Rfxc4 Qf3 32. Rf1 Rd1 33. Qxd1
Qxd1 34. Rxd1 Rxd1+ 35. Kg2 h6 36. Ra4 Rd2 37. b4 Rb2 38. a3 Kg8 39. Rxa7 Kf8
40. Ra5 g6 41. b5 Ke7 42. a4 Kd7 43. Ra6 Rb4 44. Rxg6 Rxa4 45. Rxh6 Rb4 46. b6
Kc8 47. h4 Kb7 48. Kf3 Rc4 49. Rf6 Rc5 50. h5 f4 51. Kxf4 Rxh5 52. g4 Rh8 53.
g5 Rg8 54. g6 Kb8 55. Kf5 Kc8 56. Rf7 Kb8 57. g7 Ka8 58. Rf8+ Rxf8+ 59. gxf8=Q+
Kb7 60. Ke5 Kxb6 61. Qb4+ Kc6 62. Ke6 Kc7 63. Qd6+ Kb7 64. Qc5 Ka6 65. Qb4 Ka7
66. Kd7 Ka6 67. Kc8 Ka7 68. Qa5# 1-0